000
00335nam a2200157Ia 4500
008
230605s1986 xx 000 0 und d
041
_a
eng
100
_a
Pelczar
245
_a
Microbiology
250
_a
5th
260
_b
Mc Grawhill Pub.
_c
1986
300
_a
918p
520
_a
General
520
_a
Hard Board
650
_a
C.S.
999
_c
419830
_d
419830